| 000 | nam a22 7a 4500 | ||
|---|---|---|---|
| 999 |
_c336706 _d336706 |
||
| 003 | IT-MiCISF | ||
| 005 | 20170531151340.0 | ||
| 008 | 170531b xxu||||| |||| 00| 0 eng d | ||
| 040 | _cIT-MiCISF | ||
| 041 | _ait | ||
| 100 |
_aHargot Thérèse _956506 |
||
| 245 | _aUna gioventù sessualmente liberata (o quasi) | ||
| 260 |
_aVenezia _bSonzogno _c2017 |
||
| 300 | _app. 170 | ||
| 500 | _asessualità, adolescenza, giovani, educazione-sessuale, comportamento-sessuale, omosessualità, rapporti-sessuali, contraccezione, aborto, differenza-sessuale | ||
| 520 | _aL’autrice, sessuologa francese, dopo un'esperienza decennale nelle scuole, s'interroga sui giovani d'oggi: credono di essersi affrancati dai divieti, ma sono più imprigionati di prima. Se un tempo vi era l'imperativo di restare vergini fino al matrimonio, ora ad affliggerli è l'imperativo opposto: misurarsi, fin da subito, con la propria sessualità. Il facile accesso al porno, l'ansia della performance, l'ossessione dell'orientamento sessuale... che libertà è questa, che impone di scegliere l'identità, gli amori, le pratiche come un prodotto di consumo? Grazie a numerose testimonianze, l'autrice affronta i problemi dei ragazzi, e li invita a ripensare alla vita affettiva e sessuale, per renderla davvero gioiosa. | ||
| 650 |
_asessualità _956091 |
||
| 654 | _asaggio | ||
| 942 |
_2ddc _cBK |
||